000 00966nam a2200277Ia 4500
003 GCL
008 140319s9999 xx 000 0 ara d
040 _aGCL /
_cGCL
082 0 4 _aد
_b050
_bد هـ
245 1 0 _aالهلال فبراير 2005 : امريكا ذلك المجهول
260 _aالقاهرة :
_bدار الهلال للطباعة والنشر ،
_c2005
490 _a100 قصة
_v0
650 0 4 _aالولايات المتحدة الامريكية
650 0 4 _aالثقافة
650 0 4 _aالجريمة
650 0 4 _aاحمد شوقى
650 0 4 _aابوالهول
650 0 4 _aادوار الخراط
650 0 4 _aالتليفون اللاسلكى
650 0 4 _aالولايات المتحدة الامريكية - الثقافة
650 0 4 _aجورج اورويل
650 0 4 _aاحمد حسين
650 0 4 _aافريقيا - الاحوال السياسية
650 0 4 _aاحداث 11 سبتمبر
942 _2ddc
_cCR
999 _c44533
_d44533